000 004080000a22001690004500
003 MACL
005 20160108160346.0
008 160108b xxu||||| |||| 00| 0 eng d
040 _aMACL
_cMACL
041 _aEnglish
082 _a910/MUN
100 _aMunshi, K M
_929971
245 _aTo Badrinath
260 _bBhartiya Vidya Bhavan
_c1953
_aBombay
650 _aTravel
_929972
942 _cBK
_k910/MUN
_2ddc
999 _c38487
_d38487